Que signifie cette abréviation dans le dictionnaire ? - Statistiques

Statistiques générales
  • Ce quiz a été pris 83 fois
  • Le résultat moyen est 17 sur 25
Statistiques - réponses
Abréviation Signification % Correct
Adj Adjectif
99%
Gramm Grammaire
95%
Ex Exemple
87%
Vulg Vulgaire
86%
Expr Expression
84%
Myth Mythologie
81%
Stat Statistique
79%
Fam Familier
78%
Syn Synonyme
78%
Econ Economie
71%
Inf Infinitif
71%
Lat Latin
71%
Pop Populaire
71%
Phil Philosophie
68%
Hyg Hygiène
65%
Litt Littéraire
65%
Prov Proverbe
61%
Alg Algèbre
60%
Inv Invariable
60%
Mus Musique
58%
Sc.nat Sciences naturelles
58%
Néol Néologisme
56%
Loc Locution
55%
Class Classique
39%
Pl Pluriel
39%
Aucun quiz correspondant
Distribution des résultats
% des personnes avec chaque résultat
Percentile par nombre de réponses
Votre historique - résultats
Vous n’avez pas pris ce quiz